Statistics for The Blue Quiz

Click here to take the quiz!

General Stats

  • This quiz has been taken 22 times
  • The average score is 10 of 12

Answer Stats

Answer% Correct
Blueberry
100%
Butterfly
100%
Earth
100%
Eye
100%
Feather
100%
Flower
100%
Ocean
100%
Sky
100%
Wood
89%
Buildings
84%
Jellyfish
53%
Sand
11%

Score Distribution

Percentile by Number Answered

Percent of People with Each Score

Your Score History

You have not taken this quiz